000 00256nam a2200085Ia 4500
245 0 _aApplied strategic marketing
100 _a Du Plessis, P. J. Sandton [South Africa], 2005 2nd ed
_979073
942 _cBK
008 210817s9999 xx 000 0 und d
999 _c274571
_d274569